00181nam a2200085Ia 4500008004100000041000800041100001100049245002500060650001000085230605s9999 xx 000 0 und d aeng aFrance aBarbecues and salads aF. P.